| 000 | 00422nam a2200169Ia 4500 | ||
|---|---|---|---|
| 008 | 170705s9999 xx 000 0 und d | ||
| 020 | _a439055059 | ||
| 245 | _aAll the places to love / | ||
| 245 | _cPatricia Maclachlan ; paintings by Mike Wimmer. | ||
| 260 | _aNew York : | ||
| 260 | _bScholastic, | ||
| 260 | _c1994 | ||
| 300 | _aunpaged : | ||
| 300 | _bcolor illustration ; | ||
| 300 | _c28cm. | ||
| 500 | _a920 | ||
| 999 |
_c336319 _d336319 |
||